000 00624nam a2200205Ia 4500
003 GCL
008 140319s9999 xx 000 0 ara d
040 _aGCL /
_cGCL
082 0 4 _a953
_bس ح
100 1 _aسالم يفوث
245 1 0 _aحفريات الإستشراق فى نقد الاستشراق /
_cسالم يفوث
260 _a[S.N] :
_bالمركز الثقافى العربى ،
_c1989
300 _a85 ص
490 _a
650 0 4 _aالاندلس
650 0 4 _aالاستشراق والمستشرقون
650 0 4 _aالتاريخ
650 0 4 _aالحضارة الاسلامية
942 _2ddc
_cBK
999 _c55291
_d55291